000 00347nam a2200133Ia 4500
008 220217s9999||||xx |||||||||||||| ||und||
020 _a9780070655942
082 _a658.311
100 _aRizvi, M Ashrzaf
245 0 _aResume and Interviews
260 _aTata mc graw hill
_bNew Delhi
_c2008
300 _axi;201
_b210
650 _aMANAGEMENT
999 _c182872
_d182872